La auditoría interna en la administración pública federal / (Record no. 116546)
[ view plain ]
| 000 -CABECERA | |
|---|---|
| campo de control de longitud fija | 00818nam a2200229 a 4500 |
| 005 - FECHA Y HORA DE LA ÚLTIMA TRANSACCIÓN | |
| campo de control | 20210223125924.0 |
| 008 - ELEMENTOS DE LONGITUD FIJA--INFORMACIÓN GENERAL | |
| campo de control de longitud fija | 060511s1999 mx r 000 0 spa d |
| 020 ## - NÚMERO INTERNACIONAL NORMALIZADO PARA LIBROS | |
| Número Internacional Estándar del Libro | 9706650180 |
| 035 ## - NÚMERO DE CONTROL DEL SISTEMA | |
| Número de control de sistema | UPN01000144399 |
| 049 ## - COLECCIÓN | |
| Colección | CG |
| 050 #4 - SIGNATURA TOPOGRÁFICA DE LA BIBLIOTECA DEL CONGRESO | |
| Número de clasificación | HJ9923 M6 |
| Número de documento/Ítem | A3.2 1999 |
| 100 1# - ASIENTO PRINCIPAL--NOMBRE PERSONAL | |
| Nombre de persona | Adam Adam, Alfredo |
| 245 13 - MENCIÓN DE TÍTULO | |
| Título | La auditoría interna en la administración pública federal / |
| Mención de responsabilidad, etc. | Alfredo Adam Adam, Guillermo Becerril Lozada. |
| 250 ## - MENCIÓN DE EDICIÓN | |
| Mención de edición | 2a ed. actualizada |
| 260 ## - PUBLICACIÓN, DISTRIBUCIÓN, ETC. | |
| Lugar de publicación, distribución, etc. | México : |
| Nombre del editor, distribuidor, etc. | Instituto Mexicano de Contadores Públicos, |
| Fecha de publicación, distribución, etc. | 1999. |
| 300 ## - DESCRIPCIÓN FÍSICA | |
| Extensión | 348 p. : |
| Otras características físicas | figs., cuadros |
| 586 ## - NOTA DE PREMIOS | |
| Nota de premios | Mención honorífica Premio Nacional 1979 |
| 650 #4 - ASIENTO SECUNDARIO DE MATERIA - TERMINO TEMATICO | |
| Término de materia o nombre geográfico como elemento de entrada | FINANZAS PUBLICAS - |
| Subdivisión geográfica | MEXICO - |
| Subdivisión general | CONTABILIDAD |
| 9 (RLIN) | 10186 |
| 650 #4 - ASIENTO SECUNDARIO DE MATERIA - TERMINO TEMATICO | |
| Término de materia o nombre geográfico como elemento de entrada | AUDITORIA INTERNA - |
| Subdivisión geográfica | MEXICO |
| 9 (RLIN) | 10188 |
| 700 1# - ASIENTO SECUNDARIO--NOMBRE DE PERSONAL | |
| Nombre de persona | Becerril Lozada, Guillermo, |
| Término indicativo de función/relación | coaut. |
| 905 ## - TIPO DE MATERIAL | |
| Tipo de material | Libro |
| Estado de retiro | Estado de pérdida | Fuente del sistema de clasificación o colocación | Estado dañado | No para préstamo | Código de colección | Localización permanente | Ubicación/localización actual | Ubicación en estantería | Total de préstamos | Clasificación | Código de barras | Fecha visto por última vez | Número de copia | Tipo de ítem Koha |
|---|---|---|---|---|---|---|---|---|---|---|---|---|---|---|
| Library of Congress Classification | Colección General | Bib. Gregorio Torres Quintero | Bib. Gregorio Torres Quintero | Planta baja | 1 | HJ9923 M6 A3.2 1999 | 236275 | 31/12/2020 | 1 | Libro |
